| 000 | 00492 a2200193 4500 | ||
|---|---|---|---|
| 001 | 112849 | ||
| 020 | _a9788574122519 (broch.) | ||
| 041 | _apor | ||
| 090 | _aP Year 1 808 | ||
| 250 | _a1. ed. | ||
| 300 | _a34 p. | ||
| 697 | _aLiteratura infantojuvenil canadense. | ||
| 856 | _u000022/00002299.jpg | ||
| 040 |
_aBR-BrIDEA _cBR-BrIDEA |
||
| 100 |
_aWishinsky, Frieda _d1948 |
||
| 245 | 1 | 0 |
_aPor favor, Eleonor! _c Frieda Wishinsky |
| 260 |
_a[S.l.] _bBrinque-Book _c2008 |
||
| 942 | _cBK | ||
| 999 |
_c112849 _d112849 |
||